Plánovanie hodnotenia vzdelávania v podniku diplomová práca

Na minha lista:
Detalhes bibliográficos
Autor principal: Salátová, Barbora
Autor Corporativo: Fakulta podnikového manažmentu EU. Katedra manažmentu
Outros Autores: Matulčíková, Marta, 1964-
Formato: Livro
Idioma:eslovaco
Publicado em: Bratislava 2024
Tags: Adicionar Tag
Sem tags, seja o primeiro a adicionar uma tag!

MARC

LEADER 00000nbm a2200000 4500
001 0300902
005 20250926123818.7
041 0 |a slo 
044 |a SK 
245 1 0 |a Plánovanie hodnotenia vzdelávania v podniku  |b diplomová práca  |c Barbora Salátová ; školiteľ: Marta Matulčíková 
264 1 |a Bratislava  |c 2024 
300 |a 71 s. 
100 1 |a Salátová, Barbora 
700 1 |a Matulčíková, Marta, 1964- 
710 2 |a Fakulta podnikového manažmentu EU. Katedra manažmentu